000 00745nam a2200265Ia 4500
003 OSt
005 20220928125416.0
006 a|||||r|||| 00| 0
007 ta
008 220927b |||||||| |||| 00| 0 eng d
020 _c499
024 _a109672
037 _b151, 19/10/2010, Pioneer Book Distributors
_cTextual
040 _aSDCL
_cSDCL
_beng
041 _2eng
_aeng
082 _aD65264, M9
100 _aPozar David M
_9467301
245 0 _aMicrowave engineering.
250 _a3
260 _aNew Delhi
_bWiley
_c1989
300 _axvii,699p.
_ccm.
650 _aElectronic Science
942 _hD65264, M9
_cTEXL
_2CC
999 _c782144
_d782144